000 01080cam a2200289 4500
001 2685133
003 ARRUPE
005 20160803103909.0
008 750124s1972 rh a b f000 0 eng
010 _a 74194177
040 _aDLC
_cDLC
_dDLC
043 _af-rh---
050 0 0 _aDT962.9.Z5
_bG8 1972
082 0 0 _a916.89/1
245 0 0 _aGuide to the Zimbabwe ruins, and other antiquities near Fort Victoria.
_c[Editor: C. K. Cooke.
250 _a4th ed., completely rewritten.
260 _aBulawayo,
_bRhodesia, Commission for the Preservation of Natural and Historical Monuments and Relics,
_c1972]
300 _a56 p.
_billus.
_c19 cm.
350 _a$0.25
504 _aIncludes bibliographical references.
651 0 _aGreat Zimbabwe (Zimbabwe)
_924546
651 0 _aZimbabwe
_xAntiquities
_99546
700 1 _aCooke, Cranmer Kenrick,
_d1906-
_eed.
_924547
710 1 _aRhodesia, Southern.
_bCommission for the Preservation of Natural and Historical Monuments and Relics.
_924548
906 _a7
_bcbc
_corignew
_d4
_encip
_f19
_gy-gencatlg
942 _2lcc
_cMONOGRAPH
999 _c124830
_d124830